| 000 | 00535nam a2200181Ia 4500 | ||
|---|---|---|---|
| 003 | OSt | ||
| 005 | 20250726105540.0 | ||
| 008 | 210210b1947 xxu||||| |||| 00| 0 eng d | ||
| 040 | _cAL | ||
| 041 | _akan | ||
| 082 | _a851/135 | ||
| 100 |
_aGOVINDA (Pai) _9159113 _dಗೋವಿಂದ (ಪೈ) |
||
| 245 |
_aVaishakhi athava buddhana kadeya dina: _bವೈಶಾಖಿ ಅಥವಾ ಬುದ್ಧನ ಕಡೆಯ ದಿನ |
||
| 260 |
_aMangaluru _b- _c1947 |
||
| 690 |
_aKannada Poetry _9159114 |
||
| 906 | _a018151 | ||
| 942 |
_2ddc _cBK |
||
| 999 |
_c85227 _d85227 |
||